| 000 | 00532 a2200193 4500 | ||
|---|---|---|---|
| 003 | OSt | ||
| 005 | 20180116182816.0 | ||
| 008 | 170804b xxu||||| |||| 00| 0 eng d | ||
| 020 | _a9788178080369 | ||
| 040 | _c0 | ||
| 082 | _a005.412 BEC 1999 | ||
| 100 | _aLeland L. Beck | ||
| 245 |
_aSystem Software _bAn Introduction to Systems Programming _cLeland L. Beck |
||
| 250 | _a3rd Ed | ||
| 260 |
_aAddison Wesley _bMenlo Park _c1998 |
||
| 300 |
_a519p. _bpb. |
||
| 440 | _aSystem Software | ||
| 942 |
_aNBS _cBK _k005.43 BEC 1999 _2ddc |
||
| 999 |
_c346440 _d346440 |
||